000 00286nam a22001217a 4500
008 180924b xxu||||| |||| 00| 0 eng d
041 _aeng
080 _a371
100 _a25
101 _aEDU
245 _aThe Merriam-Webster New Book of Word Histories
_cWebster, M
942 _2udc
_cBK
999 _c48400
_d48400